Catálogo

INTRODUCCION A LA ECONOMIA MATEMATICA (Registro nro. 43301)

Detalles MARC
000 -LEADER
fixed length control field 01016nam a2200193 a 4500
001 - CONTROL NUMBER
control field 43301
005 - DATE AND TIME OF LATEST TRANSACTION
control field 20180714021756.0
008 - FIXED-LENGTH DATA ELEMENTS--GENERAL INFORMATION
fixed length control field 140415s1998 ck 000 0 spa d
020 ## - INTERNATIONAL STANDARD BOOK NUMBER
International Standard Book Number 9589567746
041 ## - LANGUAGE CODE
Language code of text/sound track or separate title spa
082 ## - DEWEY DECIMAL CLASSIFICATION NUMBER
Classification number 330.1543
Item number ESC
100 1# - MAIN ENTRY--PERSONAL NAME
Personal name ESCOBAR URIBE, DIEGO
245 10 - TITLE STATEMENT
Title INTRODUCCION A LA ECONOMIA MATEMATICA
250 ## - EDITION STATEMENT
Edition statement 1a ed.
260 ## - PUBLICATION, DISTRIBUTION, ETC.
Place of publication, distribution, etc. COLOMBIA :
Name of publisher, distributor, etc. GRUPO EDITORIAL IBEROAMERICA,
Date of publication, distribution, etc. 1998
300 ## - PHYSICAL DESCRIPTION
Extent 241
Dimensions x 18.8 x 23.7
520 ## - SUMMARY, ETC.
Summary, etc. ESTE TEXTO TIENE COMO OBJETIVO DARLE A LOS ESTUDIOSOS DE LA ECONOMÍA EL INSTRUMENTO BÁSICO PARA PODER ADENTRARSE EN UN MUNDO EN ELQUE LA TEORÍA SE EXPONE CON MAYOR FUERZA POR MEDIO DE LAS MATEMÁTICAS. LA FUNDAMENTACIÓN ASI ADQUIRIDA LE DARA AL LECTOR LOS PREREQUISITOS NECESARIOS PARA PENETRAR TEMAS Y SOBRETODO MODELOS AÚN MAS PROFUNDOS. ESTE TEXTO ES EN SI MISMO UNA INTRODUCCIÓN AL MUNDO DE LA ECONOMÍA MATEMÁTICA , DEJANDO ABIERTA LA POSIBILIDAD DE PROFUNDIZAR EN TODOS LOS TEMAS AQUI
650 14 - SUBJECT ADDED ENTRY--TOPICAL TERM
Topical term or geographic name entry element ECONOMIA MATEMATICA
Existencias
Withdrawn status Lost status Source of classification or shelving scheme Damaged status Not for loan Collection code Home library Current library Shelving location Date acquired Source of acquisition Inventory number Total Checkouts Full call number Barcode Date last seen Date last checked out Price effective from Koha item type
    Dewey Decimal Classification     General Biblioteca Karol Wojtyla Biblioteca Karol Wojtyla Sala general 03/12/2013 Compra 151000000000000000049825   330.1543 ESC 65134 05/01/2026 24/10/2014 03/12/2013 Libro